|
|
|
|
| LEADER |
01641nam a22003734a 4500 |
| 001 |
27987 |
| 003 |
BD-DhAAL |
| 005 |
20220428125321.0 |
| 008 |
140423s2009 bg 001 0aeng d |
| 999 |
|
|
|c 14294
|d 14294
|
| 010 |
|
|
|a 2009305144
|
| 020 |
|
|
|a 9789848815021
|
| 040 |
|
|
|a DLC
|c DLC
|d DLC
|d BD-DhAAL
|
| 041 |
|
|
|a eng
|
| 043 |
|
|
|a a-bg---
|
| 050 |
0 |
0 |
|a DS395.7.A43
|b A3 2009
|
| 082 |
|
|
|a 954.92040924
|
| 100 |
1 |
|
|a Alamgir, Mahiuddin Khan.
|9 4292
|
| 245 |
1 |
0 |
|a Notes from a prison, Bangladesh /
|c Muhiuddin Khan Alamgir.
|
| 246 |
3 |
0 |
|a Bangladesh
|
| 260 |
|
|
|a Dhaka :
|b University Press,
|c 2009.
|
| 300 |
|
|
|a 402 pages ;
|c 22 cm.
|
| 500 |
|
|
|a Includes index.
|
| 541 |
|
|
|a Donated By Akbar Ali Khan (38532)
|e 27987, 36568, 38532
|
| 600 |
1 |
0 |
|a Alamgir, Mahiuddin Khan.
|9 4293
|
| 650 |
|
0 |
|a Politicians
|z Bangladesh
|v Biography.
|9 4294
|
| 650 |
|
0 |
|a Economists
|z Bangladesh
|v Biography.
|9 4295
|
| 650 |
|
0 |
|a Political prisoners' writings.
|9 4296
|
| 651 |
|
0 |
|a Bangladesh
|x Politics and government
|y 1971-
|9 250
|
| 852 |
|
|
|a Ayesha Abed Library
|c General Stacks
|
| 942 |
|
|
|2 ddc
|c BK
|
| 952 |
|
|
|0 0
|1 0
|2 ddc
|4 0
|6 954_920409240000000_ALA
|7 0
|9 24178
|a IGS
|b IGS
|c GEN
|d 2014-04-23
|e The University Press Limited
|g 600.00
|l 0
|o 954.92040924 ALA
|p 3010027987
|r 2014-04-23
|t 1
|w 2014-04-23
|y BK
|
| 952 |
|
|
|0 0
|1 0
|2 ddc
|4 0
|6 954_920409240000000_ALA
|7 0
|9 67342
|a BRACUL
|b BRACUL
|c GEN
|d 2019-12-03
|e Complimentary copy
|l 0
|o 954.92040924 ALA
|p 3010036568
|r 2019-12-03
|t 2
|w 2019-12-03
|y BK
|
| 952 |
|
|
|0 0
|1 0
|2 ddc
|4 0
|6 954_920409240000000_ALA
|7 1
|9 70585
|a BRACUL
|b BRACUL
|c AAKC
|d 2022-04-28
|e Donated by Akbar Ali Khan
|l 0
|o 954.92040924 ALA
|p 3010038532
|r 2022-04-28
|t 3
|w 2022-04-28
|y BK
|